000 01742naa a22003377a 4500
001 BR8500429
003 BR-BrBNA
005 20240918175510.0
007 ta
008 230509b bl.||||| |||| 00| 0 por d
040 _aBR-BrBNA
_bpor
_cBiblioteca Nacional de Agricultura
041 _a(Pt)
072 _aK10
_b3530
_b3240
_bG514
090 _aK10 BR8500429
100 1 _aCampinhos Junior, E.
100 1 _aIkemori, Y.K.
100 1 _aMartins, F.C.G.
111 1 _aSimposio Internacional: Metodos de Producao e Controle de Qualidade de Sementes e Mudas Florestais
_cCuritiba, PR (Brazil)
_d19-23 Mar 1984
245 1 _aDeterminacao do meio de crescimento mais adequado a formacao de mudas de Eucalyptus spp. (estaca e semente)e Pinus spp. (semente)em recipientes plasticos rigidos [eucalipto, pinheiro, Espirito Santo, Brasil]
246 1 _aDetermination of the most adequate growth medium to the production of seedlings of Eucalyptus (from cutings and seeds)and Pinus (from seeds)in rigid plastic containers [plant production, eucalipt, pine, Espirito Santo, Brazil]
246 1 _aInternational symposium: methods for production and quality control of forest seeds and seedlings
260 3 _aCuritiba, PR (Brasil):
_c1984.
500 _aSimposio internacional: metodos de producao e controle de qualidade de sementes e mudas florestais Curitiba, PR (Brasil): 1984. p. 350-365 (BR8500429-AM)K10
650 _aMUDA
650 _aSEMENTE
650 _aEUCALIPTO
650 _aPINHEIRO
773 0 _tSimposio internacional: metodos de producao e controle de qualidade de sementes e mudas florestais
_wK10 BR8500429
_gCuritiba, PR (Brasil), 1984. p. 350-365
909 _a202404
_bLucia
_c55
_dLucia Elande
942 _cAM
_2AGRIS
999 _c317011
_d317011